Curriculum development (Record no. 84927)
[ view plain ]
| 000 -LEADER | |
|---|---|
| fixed length control field | 00613nam a22002177a 4500 |
| 003 - CONTROL NUMBER IDENTIFIER | |
| control field | URS |
| 005 - DATE AND TIME OF LATEST TRANSACTION | |
| control field | 20250828100505.0 |
| 008 - FIXED-LENGTH DATA ELEMENTS--GENERAL INFORMATION | |
| fixed length control field | 160530b xxu||||| |||| 00| 0 eng d |
| 040 ## - CATALOGING SOURCE | |
| Original cataloging agency | URS |
| Transcribing agency | URS |
| 041 ## - LANGUAGE CODE | |
| Language code of text/sound track or separate title | eng |
| 050 00 - LIBRARY OF CONGRESS CALL NUMBER | |
| Classification number | LB 1570 |
| Item number | .A69 1971 |
| 100 1# - MAIN ENTRY--PERSONAL NAME | |
| Personal name | Aquino, Gaudencio V. |
| Relator term | author |
| 245 ## - TITLE STATEMENT | |
| Title | Curriculum development |
| Statement of responsibility, etc. | : principles and techniques |
| 264 ## - PRODUCTION, PUBLICATION, DISTRIBUTION, MANUFACTURE, AND COPYRIGHT NOTICE | |
| Place of production, publication, distribution, manufacture | Quezon City |
| Name of producer, publisher, distributor, manufacturer | Phoenix Publication |
| Date of production, publication, distribution, manufacture, or copyright notice | ©1971 |
| 300 ## - PHYSICAL DESCRIPTION | |
| Extent | viii, 144 pages ; |
| Dimensions | 22 cm |
| 336 ## - CONTENT TYPE | |
| Source | rdacontent |
| Content type term | text |
| 337 ## - MEDIA TYPE | |
| Source | rdamedia |
| Media type term | unmediated |
| 338 ## - CARRIER TYPE | |
| Source | rdacarrier |
| Carrier type term | volume |
| 650 ## - SUBJECT ADDED ENTRY--TOPICAL TERM | |
| Topical term or geographic name entry element | Education - - Curricula. |
| 942 ## - ADDED ENTRY ELEMENTS (KOHA) | |
| Koha item type | Filipiniana |
| Source of classification or shelving scheme | Library of Congress Classification |
| Withdrawn status | Source of classification or shelving scheme | Damaged status | Not for loan | Collection code | Home library | Current library | Date acquired | Total Checkouts | Full call number | Barcode | Date last seen | Copy number | Price effective from | Koha item type |
|---|---|---|---|---|---|---|---|---|---|---|---|---|---|---|
| Library of Congress Classification | Non-fiction | Morong Graduate Library | Morong Graduate Library | 04/07/2025 | LB 1570 .A69 1971 | URSMOR-GL-496 | 04/07/2025 | 1 | 04/07/2025 | Filipiniana | ||||
| Library of Congress Classification | Non-fiction | Morong Graduate Library | Morong Graduate Library | 04/07/2025 | LB 1570 .A69 1971 | URSMOR-GL-497 | 04/07/2025 | 2 | 04/07/2025 | Filipiniana | ||||
| Library of Congress Classification | Non-fiction | Morong Graduate Library | Morong Graduate Library | 04/07/2025 | LB 1570 .A69 1971 | URSMOR-GL-498 | 04/07/2025 | 3 | 04/07/2025 | Filipiniana | ||||
| Library of Congress Classification | Non-fiction | Morong Graduate Library | Morong Graduate Library | 04/07/2025 | LB 1570 .A69 1971 | URSMOR-GL-499 | 04/07/2025 | 4 | 04/07/2025 | Filipiniana | ||||
| Library of Congress Classification | Non-fiction | Morong Graduate Library | Morong Graduate Library | 04/07/2025 | LB 1570 .A69 1971 | URSMOR-GL-500 | 04/07/2025 | 5 | 04/07/2025 | Filipiniana |